| 000 | 00553nam a2200193Ia 4500 | ||
|---|---|---|---|
| 005 | 20250508160221.0 | ||
| 008 | 008 250505s9999 xx 000 0 eng d | ||
| 037 | _aTextual | ||
| 040 |
_aFEDL _beng _cFEDL |
||
| 041 |
_aeng _2eng |
||
| 084 |
_a353, BAK _qFEDL |
||
| 100 |
_aBaker Benjamin _9120767 |
||
| 245 | 0 | _aGovernment in the United States | |
| 260 |
_aBoston, USA _bHoughton Mifflin Company _c1966 |
||
| 300 | _axiv,561p. | ||
| 700 |
_a Friedelbaum Stanley H. _9768162 |
||
| 942 |
_cTEXL _h353, BAK |
||
| 999 |
_c1362743 _d1362743 |
||